000 00295nam a22001337a 4500
008 170614b xxu||||| |||| 00| 0 eng d
020 _a0520062175
041 _aeng
080 _a328
100 _a19
101 _aSHP
245 _aPOWER AND POPULAR PROTEST
_cECKSTEIN.S
942 _2udc
_cBK
999 _c17429
_d17429